| 000 | 00000nam##2200000za#4500 |
| 001 | 9.603142 |
| 003 | CaOODSP |
| 005 | 20210624210926 |
| 007 | cr ||||||||||| |
| 008 | 150406|1995||||xxc|||||o f|0| 0 fre|d |
| 040 | |aCaOODSP|bfre |
| 043 | |an-cn--- |
| 086 | 1 |aSC94-62/9-1995F-PDF |
| 110 | 1 |aCanada.|bCentre canadien de gestion. |
| 245 | 10|aRelever le défi : |h[ressource électronique]|bgérer le changement dans les années quatre-vingt-dix / |c[par] David Shepherdson. |
| 260 | |aOttawa - Ontario : |bCentre canadien de gestion |cAvril 1995. |
| 300 | |a51p.|bfigure, références |
| 490 | 1 |aLes pratiques de gestion|vN° 9 |
| 500 | |a«La version anglaise de cette étude a été publiée initiallement par Le Conference Board du Canada - rapport 130-94»--p.2 de 51. Le n° de catalogue (SC94-62/9-1995) et l'ISBN (0-662-61670-7) de l'édition imprimée bilingue ont été incorrectement copiés dans l'édition électronique. |
| 590 | |a12-09-Supp|b2012-03-21 |
| 691 | 07|aGestion|2gcpds |
| 710 | 2 |aConference Board du Canada. |
| 720 | 1 |aShepherdson, David |
| 775 | 08|tMeeting the challenge : |w(CaOODSP)9.572895 |
| 776 | 0#|tMeeting the challenge : |w(CaOODSP)9.525496 |
| 776 | 0#|tRelever le défi : |w(CaOODSP)9.525497 |
| 830 | #0|aLes pratiques de gestion ;|vN° 9|w(CaOODSP)9.503178 |
| 856 | 40|ahttp://publications.gc.ca|qPDF|s483 Ko|uhttps://publications.gc.ca/collections/Collection/SC94-62-9-1995F.pdf|yN° 9 |